Normal view MARC view
  • Blanco, Rosa Pilar,

Entry Nombre Personal

Number of records used in: 3

001 - NUMERO DE CONTROL

  • campo de control: 44237

003 - IDENTIFICADOR DE NUMERO DE CONTROL

  • campo de control: UPN

005 - FECHA Y HORA DE LA ÜLTIMA TRANSACCIÓN

  • campo de control: 20220812170858.0

008 - DATOS DE LONGITUD FIJA

  • campo de control de longitud fija: 220404nn acnnnaabn | aaa d

040 ## - FUENTE DE CATALOGACIÓN

  • Agencia original de catalogación: MX-MxUPN

100 1# - ENCABEZAMIENTO - NOMBRE PERSONAL

  • Nombre personal: Blanco, Rosa Pilar,
  • Fechas asociadas con el nombre: 1952-

670 ## - FUENTE EN LA QUE SE LOCALIZARON DATOS

  • Cita de la fuente: Corazón de tinta, 2004 :
  • Información localizada: port. (Rosa Pilar Blanco)